[Event "LSS SL-2007-0-00099"]
[Site "LSS email"]
[Date "2007.09.03"]
[Round "?"]
[White "Roberts, David Llewelyn"]
[Black "Jones, Tommy"]
[Result "0-1"]
[WhiteElo "1102"]
[BlackElo "1840"]
[PlyCount "24"]
[EventDate "2007.08.20"]
[EventType "tourn (corr)"]
[EventRounds "6"]
[EventCountry "GER"]
[SourceTitle "Corr 2015"]
[Source "ChessBase"]
[SourceDate "2015.07.17"]
[SourceVersion "1"]
[SourceVersionDate "2015.07.17"]
[SourceQuality "1"]

1. e4 c5 2. Nf3 d6 3. d4 cxd4 4. Nxd4 Nf6 5. Nc3 a6 6. Be3 g6 7. Qd2 Bg7 8. f3 Qc7 9. Bd3 Nc6 10. Nxc6 bxc6 11. 0-0-0 Rb8 12. Ne2 Nxe4 0-1